| 000 | 00996nac a22002531u 4500 | ||
|---|---|---|---|
| 010 | _a 2001269385 | ||
| 020 | _a0761956441 | ||
| 020 | _a076195645X (pbk.) | ||
| 035 | _a(OCoLC)ocm42912703 | ||
| 082 | 0 | 0 |
_a658.4012 _bVOL |
| 090 |
_c5237 _d5237 |
||
| 100 | _aVolberda, Henk W.[ed.] | ||
| 245 | 0 | 0 |
_aRethinking strategy / _cedited by Henk W. Volberda and Tom Elfring. |
| 260 |
_aLondon ; _aThousand Oaks, Calif. : _bSAGE Publications,c.2001. _cc.2001. |
||
| 300 |
_axiii, 322 p. : _bill. ; _c24 cm. |
||
| 500 | _aDistributer : Al Ahram | ||
| 504 | _aIncludes bibliographical references ([286]-316) and index. | ||
| 511 | _aCatalogued By : Mahitab. | ||
| 650 | 0 | _aStrategic planning. | |
| 700 | 1 |
_aElfring, Tom, _d1957- |
|
| 856 | 4 | 2 |
_3Publisher description _uhttp://www.loc.gov/catdir/enhancements/fy0656/2001269385-d.html |
| 856 | 4 | 2 |
_3Table of contents only _uhttp://www.loc.gov/catdir/enhancements/fy0656/2001269385-t.html |
| 942 |
_cBB _k658.4012VOL |
||
| 999 |
_c5237 _d5237 |
||